Sowjetische Aussenpolitik 1917-1945

Wedi'i Gadw mewn:
Manylion Llyfryddiaeth
Prif Awdur: Fischer, Alexander (Awdur)
Fformat: Llyfr
Iaith:Almaeneg
Cyhoeddwyd: Stuttgart Ernst Klett 1973
Pynciau:
Tagiau: Ychwanegu Tag
Dim Tagiau, Byddwch y cyntaf i dagio'r cofnod hwn!

MARC

LEADER 00000nam a2200000 a 4500
001 UCN9920
003 CL-VaPUC
008 011221e19730000GW |||||||||||||||||ger|d
082 0 4 |a 327.47  |b FIS  |2 21 
100 0 |a Fischer, Alexander  |e author  |9 466418 
245 1 0 |a Sowjetische Aussenpolitik 1917-1945 
300 |a 136 p 
942 |c BK 
945 |d 20011221 00:00:00  |a crobeson 
260 |a Stuttgart  |b Ernst Klett  |c 1973 
650 0 |a Política internacional  |9 255813 
650 0 |a Relaciones Internacionales  |9 255740 
651 0 |a Unión Soviética  |9 256769 
583 |a last modification  |c 20011221 00:00:00  |k Rodrigo Vera 
999 |c 299016  |d 299014 
952 |0 0  |1 0  |4 0  |6 327_470000000000000_FIS_1973  |7 0  |8 A  |9 355137  |a BIBHIS  |b BIBHIS  |d 2019-11-21  |i 3754332  |o 327.47 FIS 1973  |p 3754332  |r 2025-01-20  |w 2019-11-21  |y BK  |k HIS